La auditoría ciudadana de la calidad de la democracia en Costa Rica

Gespeichert in:
Bibliographische Detailangaben
1. Verfasser: Vargas Cullell, Jorge Luis
Format: Text
Veröffentlicht: San José
Tags: Tag hinzufügen
Keine Tags, Fügen Sie den ersten Tag hinzu!

MARC

LEADER 00000 a a2200000 04500
001 18252
003
040
090 |a 142615  
100 |a Vargas Cullell, Jorge Luis  
245 |a La auditoría ciudadana de la calidad de la democracia en Costa Rica  
260 |b San José  
300 |a 20 páginas  
300 |b **no definido**   |b fonodiscos   |b escudos de armas  
999 |c 8106  |d 8106